LIBRARY & INFORMATION CENTRE, KCAET, TAVANUR

ONLINE PUBLIC ACCESS CATALOGUE (OPAC)

Bheeshma parvam / (Record no. 568)

MARC details
000 -LEADER
fixed length control field 00464cam a2200181ua 4500
041 ## - LANGUAGE CODE
Language code of text/sound track or separate title mal
082 ## - DEWEY DECIMAL CLASSIFICATION NUMBER
Classification number 894.812 1
Item number EZH/BH
100 ## - MAIN ENTRY--AUTHOR NAME
Personal name Ezhuthachan, Thunchath .
245 ## - TITLE STATEMENT
Title Bheeshma parvam /
260 ## - PUBLICATION, DISTRIBUTION, ETC. (IMPRINT)
Place of publication Kozhicode :
Name of publisher Touring Book Stall ,
Year of publication 1970.
300 ## - PHYSICAL DESCRIPTION
Number of Pages 107 ; .
650 ## - SUBJECT ADDED ENTRY--TOPICAL TERM
Topical Term Poems - Malayalam
942 ## - ADDED ENTRY ELEMENTS (KOHA)
Koha item type Books
Holdings
Withdrawn status Lost status Damaged status Home library Current library Date acquired Full call number Accession Number Koha item type
      KAUAET KAUAET 07/04/2012 894.812 1 12940 Books
      KAUAET KAUAET 27/11/2023 894.812 1 EZH/BH 12087 Books
free website counter